Problems of the history of philosophy / (Record no. 28695)
[ view plain ]
| 000 -LEADER | |
|---|---|
| fixed length control field | 00988cam a2200313 4500 |
| 001 - CONTROL NUMBER | |
| control field | 28695 |
| 003 - CONTROL NUMBER IDENTIFIER | |
| rucl marc code | BD-RjUL |
| 005 - DATE AND TIME OF LATEST TRANSACTION | |
| control field | 20211209051322.0 |
| 008 - FIXED-LENGTH DATA ELEMENTS--GENERAL INFORMATION | |
| fixed length control field | 140331t1973 ru b 000 0 eng d |
| 035 ## - SYSTEM CONTROL NUMBER | |
| System control number | (DLC)74185647 |
| System control number | (BD-RjUL)28777 |
| 040 ## - CATALOGING SOURCE | |
| Original cataloging agency | DLC |
| Language of cataloging | eng |
| Transcribing agency | DLC |
| Modifying agency | BD-RjUL |
| 041 1# - LANGUAGE CODE | |
| Language code of text/sound track or separate title | engrus |
| 082 00 - DEWEY DECIMAL CLASSIFICATION NUMBER | |
| Classification number | 101 |
| Author mark and year | OIP 1973 |
| 090 ## - LOCALLY ASSIGNED LC-TYPE CALL NUMBER (OCLC); LOCAL CALL NUMBER (OCLC) | |
| Classification number (OCLC) (R) ; Classification number, CALL (RLIN) (NR) | LCo |
| 100 1# - MAIN ENTRY--PERSONAL NAME | |
| Personal name | Oĭzerman, Teodor Ilʹich. |
| 9 (RLIN) | 87800 |
| 245 10 - TITLE STATEMENT | |
| Title | Problems of the history of philosophy / |
| Statement of responsibility, etc. | Theodor Oizerman. |
| 260 ## - PUBLICATION, DISTRIBUTION, ETC. (IMPRINT) | |
| Place of publication, distribution, etc. | Moscow : |
| Name of publisher, distributor, etc. | Progress Publishers, |
| Date of publication, distribution, etc. | 1973. |
| 300 ## - PHYSICAL DESCRIPTION | |
| Pagination | 462 p. ; |
| Size | 19 cm. |
| 500 ## - GENERAL NOTE | |
| General note | "Translated from the Russian [of Problemy istoriko-filosofskoĭ nauki] by Robert Daglish" - t.p. verso. |
| 504 ## - BIBLIOGRAPHY, ETC. NOTE | |
| Bibliography, etc | Includes bibliographical references. |
| 650 #0 - SUBJECT ADDED ENTRY--TOPICAL TERM | |
| Topical term or geographic name as entry element | Philosophy. |
| 9 (RLIN) | 87801 |
| Topical term or geographic name as entry element | History |
| General subdivision | Philosophy. |
| 9 (RLIN) | 87802 |
| 700 1# - ADDED ENTRY--PERSONAL NAME | |
| Personal name | Daglish, Robert. |
| 942 ## - ADDED ENTRY ELEMENTS (KOHA) | |
| Source of classification or shelving scheme | Dewey Decimal Classification |
| Koha item type | Books |
| Lost status | Source of classification or shelving scheme | Damaged status | Not for loan | Collection code | Permanent Location | Current Location | Shelving location | Date acquired | Source of acquisition | Cost, normal purchase price | Total Checkouts | Full call number | Date last seen | Copy number | Koha item type |
|---|---|---|---|---|---|---|---|---|---|---|---|---|---|---|---|
| Dewey Decimal Classification | Non-fiction | Central Library, University of Rajshahi | Central Library, University of Rajshahi | 05/05/1975 | W. Heffer & Sons | 1.50 | 101 OIP 1973 | 31/03/2014 | C-2 | Books | |||||
| Dewey Decimal Classification | Non-fiction | Central Library, University of Rajshahi | Central Library, University of Rajshahi | 05/05/1977 | Heffer | 1.50 | 101 OIP 1973 | 31/03/2014 | C-3 | Books | |||||
| Dewey Decimal Classification | Added to bundle | Non-fiction | Central Library, University of Rajshahi | Central Library, University of Rajshahi | Reading Room | 05/05/1977 | Heffer | 1.50 | 101 OIP 1973 | 31/03/2014 | C-1 | Books | |||
| Dewey Decimal Classification | Non-fiction | Central Library, University of Rajshahi | Central Library, University of Rajshahi | 01/11/1990 | Standard pub | 101 OIP 1973 | 31/03/2014 | C-4 | Books |